000 00476nam a2200169Ia 4500
003 GCL
008 140319s9999 xx 000 0 eng d
040 _aGCL /
_cGCL
082 0 4 _a892.71
_bI S
100 1 _aIBRAHIM, MAHMUD A.
245 1 0 _aSangs of an Arab Prince /
_cIBRAHIM, MAHMUD A.
260 _a[S.N] :
_bMINISTRY OF CULTURE AND NATIONAL GUIDANC ،
_c1988
650 0 4 _a3RD ABBASID PERIOD
650 0 4 _aARABIC LANGUAGE
650 0 4 _aARABIC POETRY
942 _2ddc
_cBK
999 _c17308
_d17308